Kökler/ (Record no. 13887)
[ view plain ]
| 000 -BAŞLIK | |
|---|---|
| Sabit Uzunlukta Kontrol Alanı | 00761nam a22002417a 4500 |
| 999 ## - SİSTEM KONTROL NUMARALARI (KOHA) | |
| Koha Biblionumber | 13887 |
| Koha Biblioitemnumber | 13887 |
| 003 - KONTROL NUMARASI IDENTIFIER | |
| Denetim Alanı | MIRAKIL |
| 005 - SON İŞLEM TARİHİ VE ZAMANI | |
| Denetim Alanı | 20200814101935.0 |
| 008 - SABİT-BOY VERİ ELEMANLARI - GENEL BİLGİLER | |
| Sabit Uzunlukta Kontrol Alanı | 200814b tu ||||| |||| 00| 0 tur d |
| 040 ## - KATALOGLAMA KAYNAK | |
| Orijinal Kataloglama Ajansı | TR-AnCHP |
| Metne Dönüştürmek Ajansı | TR-AnCHP |
| 041 ## - DİL KODU | |
| Metin / Ses Parça Veya Ayrı Başlığın Dil Kodu | tur |
| 082 ## - DEWEY ONLU SINIFLANDIRMA NUMARASI | |
| Sınıflandırma Numarası | 828.5 |
| Ürün Numarası | H24k 1979 |
| 100 ## - ANA GİRİŞ - KİŞİSEL İSİM | |
| Kişisel Ad | Haley, Alex |
| 245 10 - BAŞLIK TABLOSU | |
| Başlık | Kökler/ |
| Sorumluluk Tablosu, Vb | Alex Haley ; Türkçesi : Ali Seden, Nilgün Himmetoğlu. |
| 250 ## - EDITION TABLOSU | |
| Baskı Beyanı | 2 bs. |
| 260 ## - YAYIN, DAĞITIM, VB | |
| Yayın, Dağıtım, Vb Yeri | [İstanbul] : |
| Yayıncı, Dağıtıcı, Vs Adı | Altın Kitaplar, |
| Yayın, Dağıtım, Vb Tarihi | 1979. |
| 300 ## - FİZİKSEL TANIM | |
| Kapsam | 495 s.: |
| Boyutlar | 20 sm. |
| 490 0# - SERİSİ TABLOSU | |
| Seri Beyanı | Altın Kitaplar; |
| -- | Belgesel dizi ; |
| Hacim / Ardışık Tanımı | 18. |
| 650 #0 - KONU KATMA GİRİŞ - TOPİKAL DÖNEM | |
| 9 (RLIN) | 6078 |
| Topikal Süreli Veya Coğrafi Ad Giriş Elemanı | Amerikan edebiyatı |
| Genel Alt Bölümü | Yaşam öyküsü |
| 650 #0 - KONU KATMA GİRİŞ - TOPİKAL DÖNEM | |
| 9 (RLIN) | 6376 |
| Topikal Süreli Veya Coğrafi Ad Giriş Elemanı | Afrikalı Amerikalılar |
| Genel Alt Bölümü | Yaşam öyküsü |
| 700 ## - KATMA GİRİŞ - KİŞİSEL İSİM | |
| 9 (RLIN) | 6377 |
| Kişisel Ad | Seden, Ali |
| Relator Terim | çev. |
| 700 ## - KATMA GİRİŞ - KİŞİSEL İSİM | |
| 9 (RLIN) | 6378 |
| Kişisel Ad | Himmetoğlu, Nilgün |
| Relator Terim | çev. |
| 942 ## - EKLENDİ GİRİŞ ELEMANLARI (KOHA) | |
| Sınıflandırma Veya Raf Düzeni Kaynak | Dewey Decimal Classification |
| Koha Öğesi Türü | Books |
| Kalıcı Konum | Mevcut Konum | Edinme Tarihi | Toplam Check-Out'Lar | Tam Çağrı Numarası | Barkod | Tarih Son Görülme | İtibaren Geçerli Fiyatlar | Sigara Kamu Notu | Koha Öğesi Türü |
|---|---|---|---|---|---|---|---|---|---|
| CHP Kütüphanesi | CHP Kütüphanesi | 08/14/2020 | 828.5 H24k 1979 | 019348 | 08/14/2020 | 08/14/2020 | Emine Başak Alkan Bağışıdır. | Books |
